000 01081cab a2200265 4500
001 ##L134103
008 060710n2006 000 0 eng u
035 _a(Sirsi) u134103
041 0 _aeng
100 1 _aWatts, Tony
245 0 0 _aGlos, Herefords, Worcs and Warks
_bregional
260 _c2006
490 0 _aProperty Week
_v71(27) 7 July 2006, 81-89(6)
520 _aLooks at the plan to regenerate Gloucester's western waterfront area to become Gloucester Quays, which has just been given the go-ahead; the challenges of regeneration in the market town of Hereford, where the latest masterplan is under revision and stirring fresh debate; and the vision for a series of new science, technology and enterprise parks between Birmingham and Worcestershire.
590 _aIKA180706
651 4 _aGLOUCESTERHIRE
651 4 _aHEREFORDSHIRE
651 4 _aWORCESTERSHIRE
651 4 _aWARWICKSHIRE
651 4 _aGLOUCESTER
651 4 _aHEREFORD
690 _aPROPERTY-COMMERCIAL PROPERTY-COMMERCIAL PROPERTY DEVELOPMENT
700 1 _aBrasse, Jonathan
942 _n0
999 _c77373
_d77373